Informe pronunciado ante la sección Primera de la Audiencia Provincial de Sevilla el día 12 de febrero de 1925 / (Record no. 114819)

MARC details
000 -LEADER
campo de control de longitud fija 00780nam a2200169 i 4500
001 - NÚMERO DE CONTROL
campo de control 114819
003 - IDENTIFICADOR DE NÚMERO DE CONTROL
campo de control ES-MaACL
005 - FECHA Y HORA DE LA ÚLTIMA TRANSACCIÓN
campo de control 20251012063046.0
007 - CAMPO FIJO DE DESCRIPCIÓN FÍSICA--INFORMACIÓN GENERAL
campo de control de longitud fija t|
008 - DATOS DE LONGITUD FIJA--INFORMACIÓN GENERAL
campo de control de longitud fija 070330s1925 sp ||||1| spa d
100 1# - ENTRADA PRINCIPAL--NOMBRE DE PERSONA
Nombre de persona Rodríguez Jurado, Adolfo,
Fechas asociadas al nombre 1865-1933
9 (RLIN) 159281
245 10 - MENCIÓN DEL TÍTULO
Título Informe pronunciado ante la sección Primera de la Audiencia Provincial de Sevilla el día 12 de febrero de 1925 /
Mención de responsabilidad, etc. por Adolfo Rodríguez Jurado y de la Hera, abogado defensor... en la causa seguida... por el delito de robo con homicidio y lesiones en... Sanlúcar la Mayor , el día 14 de diciembre de 1921.
260 ## - PUBLICACIÓN, DISTRIBUCIÓN, ETC.
Lugar de publicación, distribución, etc. [S.l. :
Nombre del editor, distribuidor, etc. s.n.,
Fecha de publicación, distribución, etc. 1925?] (
Lugar de fabricación/manufactura Barcelona :
Fabricante Talleres Gráficos R. Gilabert)
300 ## - DESCRIPCIÓN FÍSICA
Extensión 51 p. ;
Dimensiones 22 cm.
852 ## - LOCALIZACIÓN
Ubicación ES-MaACL
Número de control de estantería 1685-F-2
Holdings
Estatus retirado Estado de pérdida Estado de daño No para préstamo Colección Biblioteca de origen Biblioteca actual Ubicación en estantería Fecha de adquisición Fuente de adquisición Total de préstamos Signatura topográfica completa Código de barras Visto por última vez Precio de reemplazo Tipo de ítem Koha
        Colección de folletos Biblioteca del Ateneo de Madrid Biblioteca del Ateneo de Madrid Depósito folletos 17/01/2008     1685-F-2 1119734 23/02/2023 23/02/2023 Folleto